International criminal law / 3 Enforcement
| Medienart: | Druck Buch |
|---|---|
| Sprache: | Englisch |
| Veröffentlicht: |
Dobbs Ferry, N.Y.
Transnational Publ.
1987
|
| In: |
International criminal law
Jahr: 1987 |
| Bestand in Tübingen: | In Tübingen vorhanden. UB: KB 18 A 1636-3 |
| Verfügbarkeit prüfen: | HBZ Gateway |
| Subito Bestelldienst: | Jetzt bestellen. |
MARC
| LEADER | 00000cam a2200000 cc4500 | ||
|---|---|---|---|
| 001 | 1083081314 | ||
| 003 | DE-627 | ||
| 005 | 20220514104450.0 | ||
| 007 | tu | ||
| 008 | 870820s1987 xx ||||| 00| ||eng c | ||
| 020 | |a 0941320324 |9 0-941320-32-4 | ||
| 035 | |a (DE-627)1083081314 | ||
| 035 | |a (DE-576)013081314 | ||
| 035 | |a (DE-599)BSZ013081314 | ||
| 035 | |a (OCoLC)310625615 | ||
| 040 | |a DE-627 |b ger |c DE-627 |e rakwb | ||
| 041 | |a eng | ||
| 245 | 0 | 0 | |a International criminal law |n 3 |p Enforcement |c ed. by M. Cherif Bassiouni |
| 264 | 1 | |a Dobbs Ferry, N.Y. |b Transnational Publ. |c 1987 | |
| 300 | |a XVII, 313 S. | ||
| 336 | |a Text |b txt |2 rdacontent | ||
| 337 | |a ohne Hilfsmittel zu benutzen |b n |2 rdamedia | ||
| 338 | |a Band |b nc |2 rdacarrier | ||
| 773 | 1 | 8 | |a International criminal law |w (DE-627)1082094757 |w (DE-576)012094757 |g 3 |q 3 |7 nnam |
| 951 | |a MV | ||
| ELC | |b 1 | ||
| LOK | |0 000 xxxxxcx a22 zn 4500 | ||
| LOK | |0 001 2590904673 | ||
| LOK | |0 003 DE-627 | ||
| LOK | |0 004 1083081314 | ||
| LOK | |0 005 20090126113711 | ||
| LOK | |0 008 090126||||||||||||||||ger||||||| | ||
| LOK | |0 040 |a DE-21 |c DE-627 |d DE-21 | ||
| LOK | |0 852 |a DE-21 | ||
| LOK | |0 852 1 |c KB 18 A 1636-3 |9 00 | ||
| LOK | |0 935 |a krim | ||
| LOK | |0 936ln |a k5.7 | ||
| LOK | |0 939 |a 26-01-09 |b l01 | ||
| ORI | |a SA-MARC-krimdoka001.raw | ||
| SIG | |a UB: KB 18 A 1636-3 | ||
